Power system harmonics Ed 2 (Record no. 241229)

MARC details
000 -LEADER
fixed length control field 02339nam a22002897a 4500
005 - DATE AND TIME OF LATEST TRANSACTION
control field 20260411113309.0
008 - FIXED-LENGTH DATA ELEMENTS--GENERAL INFORMATION
fixed length control field 260411b |||||||| |||| 00| 0 eng d
020 ## - INTERNATIONAL STANDARD BOOK NUMBER
International Standard Book Number 9788126560431
040 ## - CATALOGING SOURCE
Transcribing agency AL
041 ## - LANGUAGE CODE
Language code of text/sound track or separate title eng
082 ## - DEWEY DECIMAL CLASSIFICATION NUMBER
Classification number 621.3192
Item number ARIP
100 ## - MAIN ENTRY--PERSONAL NAME
Personal name Jos Arrillaga
100 ## - MAIN ENTRY--PERSONAL NAME
9 (RLIN) 261484
245 ## - TITLE STATEMENT
Title Power system harmonics Ed 2
250 ## - EDITION STATEMENT
Edition statement 2
260 ## - PUBLICATION, DISTRIBUTION, ETC.
Place of publication, distribution, etc. Delhi
Name of publisher, distributor, etc. Wiley
Date of publication, distribution, etc. 2016
300 ## - PHYSICAL DESCRIPTION
Extent x,399p
Other physical details PB
Dimensions 23.5x18.5cm
365 ## - TRADE PRICE
Source of price type code Electronics and Communication Engineering
Price type code VBI-2645
Price amount ₹746.25
Currency code
Unit of pricing ₹995.00
Price note 25%
Price effective from 20-02-2026
520 ## - SUMMARY, ETC.
Summary, etc. Harmonic distortion problems include equipment overheating, motor failures, capacitor failure and inaccurate power metering. The topic of power system harmonics was covered for the first time 20 years ago and the first edition has become a standard reference work in this area. Unprecedented developments in power electronic devices and their integration at all levels in the power system require a new look at the causes and effects of these problems, and the state of hardware and software available for harmonic assessment.<br/>Following the successful first edition, this second edition of Power System Harmonics maintains the practical approach to the subject and discusses the impact of advanced power electronic technology on instrumentation, simulation, standards and active harmonic elimination techniques.<br/>Features include:<br/>A new chapter on modern digital instrumentation techniques.<br/>Added sections on active filters and modern distorting devices such as FACTS devices, multilevel conversion, current source, voltage source inverters and turn-OFF-related power electronic devices.<br/>References to international standards for harmonics and inter-harmonics.<br/>Numerical examples of technique application.<br/>Offering a comprehensive understanding of power systems, this book is an asset to power engineers involved in the planning, design and operation of power system generation, transmission and distribution. Researchers and postgraduate students in the field will also benefit from this useful reference.
650 ## - SUBJECT ADDED ENTRY--TOPICAL TERM
Topical term or geographic name entry element Harmonic Analysis
9 (RLIN) 261472
650 ## - SUBJECT ADDED ENTRY--TOPICAL TERM
Topical term or geographic name entry element Elimination
9 (RLIN) 261473
650 ## - SUBJECT ADDED ENTRY--TOPICAL TERM
Topical term or geographic name entry element Flows
9 (RLIN) 261474
650 ## - SUBJECT ADDED ENTRY--TOPICAL TERM
Topical term or geographic name entry element Assessment
9 (RLIN) 261475
650 ## - SUBJECT ADDED ENTRY--TOPICAL TERM
Topical term or geographic name entry element Monitoring
9 (RLIN) 261476
700 ## - ADDED ENTRY--PERSONAL NAME
Personal name Arrillaga, Jos
9 (RLIN) 261477
700 ## - ADDED ENTRY--PERSONAL NAME
Personal name Watson, Neville R
9 (RLIN) 261478
942 ## - ADDED ENTRY ELEMENTS (KOHA)
Source of classification or shelving scheme Dewey Decimal Classification
Koha item type Book
Holdings
Withdrawn status Lost status Source of classification or shelving scheme Damaged status Not for loan Collection code Home library Current library Date acquired Source of acquisition Cost, normal purchase price Total Checkouts Full call number Barcode Date last seen Cost, replacement price Price effective from Koha item type
    Dewey Decimal Classification     Electronics and Communication Engineering St Aloysius Engineering Library St Aloysius Engineering Library 04/10/2026 Vidyarthi Books, Bengaluru-560076 746.25   621.3192 ARIP SE000494 04/11/2026 995.00 02/20/2026 Book